Sự kỳ diệu của sinh học: Loài chim
محفوظ في:
| المؤلف الرئيسي: | |
|---|---|
| التنسيق: | كتاب |
| اللغة: | Undetermined |
| منشور في: |
H.
Văn Hoá
1997
|
| الموضوعات: | |
| الوسوم: |
إضافة وسم
لا توجد وسوم, كن أول من يضع وسما على هذه التسجيلة!
|
| Thư viện lưu trữ: | Trung tâm Học liệu Trường Đại học Cần Thơ |
|---|
| LEADER | 00489nam a2200169Ia 4500 | ||
|---|---|---|---|
| 001 | CTU_53278 | ||
| 008 | 210402s9999 xx 000 0 und d | ||
| 082 | |a 598 | ||
| 082 | |b A362 | ||
| 100 | |a David Alderton | ||
| 245 | 0 | |a Sự kỳ diệu của sinh học: Loài chim | |
| 245 | 0 | |c David Alderton; Phạm Đình Thắng dịch | |
| 260 | |a H. | ||
| 260 | |b Văn Hoá | ||
| 260 | |c 1997 | ||
| 650 | |a ornithology,birds | ||
| 980 | |a Trung tâm Học liệu Trường Đại học Cần Thơ | ||